000 00887nam a2200301 a 4500
001 25826
003 CO-ViMGA
008 141112s2004 ck r 000 u spa d
020 _a9789588445328
040 _aCO-ViMGA
_bspa
_cCO-ViMGA
041 _aSPA
090 _aN GRI2
100 1 _aGripe, María, 1923 - 2007
_940104
245 1 0 _aEl túnel de cristal /
_cMaria Gripe ; traducción de Ángela García
250 _a1a ed.
260 _aBogotá :
_bBabel,
_c2013
300 _a214 p.
490 _aFrontera
500 _aTítulo original : Glasstunneln
650 1 4 _aABUELOS - NOVELA
_940105
650 1 4 _aADOLESCENCIA - NOVELA
_925666
650 1 4 _aAUTORES SUECOS
_940106
650 1 4 _aDESDE LOS 15 AÑOS
_91079
650 1 4 _aLITERATURA SUECA - SIGLO XX
_940107
650 1 4 _aNOVELA SUECA - SIGLO XIX
_940108
700 1 _aGarcía, Ángela
_940109
942 _2ddc
_cBK
999 _c2312
_d2312